Migrantenkinder im vereinigten Deutschland : Eine Laengsschnittstudie zu differentiellen Effecyen von Persoenlichkeitsmerkmalen auf den Akkulturationsprozess von Schuelern
Αποθηκεύτηκε σε:
| Κύριος συγγραφέας: | |
|---|---|
| Μορφή: | Βιβλίο |
| Γλώσσα: | German |
| Δημοσίευση: |
Munster :
Waxmann,
1996
|
| Σειρά: | Internationale Hochschulschriften ;
; 238 |
| Θέματα: | |
| Ετικέτες: |
Προσθήκη ετικέτας
Δεν υπάρχουν, Καταχωρήστε ετικέτα πρώτοι!
|
MARC
| LEADER | 00000nam a2200000 i 4500 | ||
|---|---|---|---|
| 001 | 1/33569 | ||
| 008 | 030304s1996 ger d | ||
| 020 | |a 3-89325-506-0 | ||
| 035 | |l 10069538 | ||
| 040 | |a GR-MY-UA |b gre |e aacr | ||
| 041 | 0 | |a ger | |
| 082 | 0 | |a 370.117943 | |
| 100 | 1 | |a Roebers, Claudia M. | |
| 245 | 1 | 0 | |a Migrantenkinder im vereinigten Deutschland : |b Eine Laengsschnittstudie zu differentiellen Effecyen von Persoenlichkeitsmerkmalen auf den Akkulturationsprozess von Schuelern / |c Caudia M. Roebers |
| 260 | |a Munster : |b Waxmann, |c 1996 | ||
| 300 | |a 292 p. | ||
| 490 | 1 | |a Internationale Hochschulschriften |v ; 238 | |
| 650 | 0 | 0 | |a Multicultural education |z Germany. |
| 650 | 0 | 0 | |a Pluralism (Social sciences) |z Germany. |
| 830 | 0 | |a Internationale Hochschulschriften ; |v ; 238 | |
| 852 | |a INST |b RHODES |e 20030304 |h 370.117943 ROE |p 005400020568 |q 005400020568 |t BK |y 0 | ||
| 901 | |a BIBL4-2003-1 | ||
| 909 | |a Ρ |b 103292 | ||
| 922 | |a 4ΕΛΗ |b 200212 |c ΕΠΕΑΕΚ2/ΤΕΠΑΕΣ |d ΠΑΠΑΣΩΤΗΡΙΟΥ & ΕΛΕΥΘΕΡΟΥΔΑΚΗΣ | ||
| 950 | |a 096-2002-10-08 | ||
| 970 | |a ΚΟΥΛΑΚΙΟΤΗ |b ΛΙΤΣΑ |z 2003/03/20 | ||